Politika és közösség
Elmentve itt :
| Szerző: | |
|---|---|
| Testületi szerző: | |
| Dokumentumtípus: | Könyv része |
| Megjelent: |
1988
|
| Sorozat: | Szegedi Nyári Egyetem : művelődéselmélet
17 Egyén - közösség : gyűjtemény a TIT Szegedi XVII. Művelődéselméleti Nyári Egyetemének előadásaiból 17 |
| Kulcsszavak: | Közösségi élet - Magyarország - 1980-as évek, Politikai szociológia - Magyarország - 1980-as évek, Politikai kultúra - Magyarország - 1980-as évek |
| Tárgyszavak: | |
| Online Access: | http://acta.bibl.u-szeged.hu/45041 |
| LEADER | 01074naa a2200241 i 4500 | ||
|---|---|---|---|
| 001 | acta45041 | ||
| 005 | 20220127134023.0 | ||
| 008 | 170325s1988 hu o 0|| hun d | ||
| 020 | |a 963 01 9733 2 | ||
| 022 | |a 0139-4118 | ||
| 040 | |a SZTE Egyetemi Kiadványok Repozitórium |b hun | ||
| 041 | |a hun | ||
| 100 | 1 | |a Bihari Mihály | |
| 245 | 1 | 0 | |a Politika és közösség |h [elektronikus dokumentum] / |c Bihari Mihály |
| 260 | |c 1988 | ||
| 300 | |a 124-138 | ||
| 490 | 0 | |a Szegedi Nyári Egyetem : művelődéselmélet |v 17 | |
| 490 | 0 | |a Egyén - közösség : gyűjtemény a TIT Szegedi XVII. Művelődéselméleti Nyári Egyetemének előadásaiból |v 17 | |
| 650 | 4 | |a Társadalomtudományok | |
| 650 | 4 | |a Szociológia | |
| 695 | |a Közösségi élet - Magyarország - 1980-as évek, Politikai szociológia - Magyarország - 1980-as évek, Politikai kultúra - Magyarország - 1980-as évek | ||
| 710 | |a TIT Szegedi Művelődéselméleti Nyári Egyetem (17.) (1988) (Szeged) | ||
| 856 | 4 | 0 | |u http://acta.bibl.u-szeged.hu/45041/1/sznye_muveledoselmelet_017_124-138.pdf |z Dokumentum-elérés |